000 01000nam a2200349Ka 4500
020 _a0663381282 (lvl.K)
020 _a0663381614 (lvl.1)
020 _a0663381940 (lvl.2)
020 _a0663382815 (lvl.3)
020 _a0663383706 (lvl.4)
020 _a0663384583 (lvl.5)
020 _a0663385466 (lvl.6)
020 _a0663386349 (lvl.7)
020 _a0663387213 (lvl.8)
020 _a0663388104 (lvl.9)
020 _a0663388988 (lvl.10)
020 _a0663389860 (lvl.11)
020 _a0663390877 (lvl.12)
020 _a0663391857 (lvl.13)
040 _cBGU
082 _a428 GIN 1985 A022 Or.
245 0 0 _a[Ginn reading program] /
260 0 _aLexington, Mass. :
_bGinn and Co.,
_cc1985
300 _a14 v. :
_bill. (some col.) ;
_c24 x 28 cm
500 _aGrades K-6, lvls. K-13
500 _aLvls, K-1, consumable text
500 _a$4.20-$13.30
650 0 _aReading (Kindergarten)
650 0 _aReading (Elementary)
700 1 0 _aClymer, Theodore
942 _cEK
999 _c12863
_d12863